000 00644cam a22002291 4500
001 3584001
003 ARRUPE
005 20220504080923.0
008 790809s1959 enk 000 0 eng
010 _a 59001200
040 _aDLC
_cDLC
_dDLC
050 0 0 _aPJ4567
_b.W4 1959
082 0 0 _a492.45
100 1 _aWeingreen, J.
_q(Jacob)
_951393
245 0 2 _aA practical grammar for classical Hebrew.
_cJ. Weingreen
250 _a2d ed.
260 _aOxford,
_bClarendon Press,
_c1959.
300 _a316 p.
_c23 cm.
650 0 _aHebrew language
_xGrammar.
906 _a7
_bcbc
_corignew
_du
_eocip
_f19
_gy-gencatlg
942 _2lcc
_cMONOGRAPH
999 _c131333
_d131333